000 00664nam a2200289Ia 4500
008 210210b1970 xxu||||| |||| 00| 0 eng d
041 _aeng
082 _a828 AURA
100 _aAUROBINDO
245 _aAurobindo birth centenary library: letters on yoga part II and III
260 _aPondicherry
_bBirth centenary library
_c1970
300 _a1089
440 _a23
650 _ayoga
650 _apart
650 _aon
650 _alibrary:
650 _aletters
650 _aIII
650 _aII
650 _acentenary
650 _abirth
650 _aAurobindo
650 _aand
690 _aEnglish Collections
906 _a030607
999 _c142762
_d142762